CAD/CAM: Computer Aided Design and Manufacturing (Record no. 182)

MARC details
000 -LEADER
fixed length control field 00443nam a22001697a 4500
005 - DATE AND TIME OF LATEST TRANSACTION
control field 20260130135851.0
008 - FIXED-LENGTH DATA ELEMENTS--GENERAL INFORMATION
fixed length control field 160428b xxu||||| |||| 00| 0 eng d
020 ## - INTERNATIONAL STANDARD BOOK NUMBER
ISBN 81-2970045-X
041 ## - LANGUAGE CODE
Language code of text/sound track or separate title eng
082 ## - DEWEY DECIMAL CLASSIFICATION NUMBER
Classification number 620.0042
100 ## - MAIN ENTRY--AUTHOR NAME
Personal name Groover. Mikell P.
245 ## - TITLE STATEMENT
Title CAD/CAM: Computer Aided Design and Manufacturing
260 ## - PUBLICATION, DISTRIBUTION, ETC. (IMPRINT)
Place of publication New Delhi
Name of publisher Pearson Education,
Year of publication 2004
300 ## - PHYSICAL DESCRIPTION
Number of Pages 489
650 ## - SUBJECT ADDED ENTRY--TOPICAL TERM
Topical Term Information Technology
942 ## - ADDED ENTRY ELEMENTS (KOHA)
Koha item type Books
Holdings
Lost status Damaged status Collection code Home library Current library Shelving location Date acquired Full call number Accession Number Koha item type
    CS/IT JRU Library JRU Library SHELF-54-C 28/04/2016 00636 00636 Books
    CS/IT JRU Library JRU Library SHELF-54-G 28/04/2016 620.0042 00637 Books
    CS/IT JRU Library JRU Library SHELF-54-G 28/04/2016 620.0042 00638 Books
    CS/IT JRU Library JRU Library SHELF-54-G 28/04/2016 620.0042 00639 Books
    CS/IT JRU Library JRU Library SHELF-54-G 28/04/2016 620.0042 00640 Books